With love man is God / (Record no. 78200)

MARC details
000 -LEADER
fixed length control field 00567nam a22001817a 4500
005 - DATE AND TIME OF LATEST TRANSACTION
control field 20130910145335.0
010 ## - LCCN (DPL NO)
LC control number ENG-108186
020 ## - INTERNATIONAL STANDARD BOOK NUMBER
International Standard Book Number 9789350690086
Terms of availability 110.00
035 ## - SYSTEM CONTROL NUMBER
System control number EN-91719
037 ## - SOURCE OF ACQUISITION
Source of stock number/acquisition DBAD/PUB
082 ## - DEWEY DECIMAL CLASSIFICATION NUMBER
Classification number 230.35
100 ## - MAIN ENTRY--PERSONAL NAME
Personal name Sandweiss, Samuel H.
245 10 - TITLE STATEMENT
Title With love man is God /
Statement of responsibility, etc by Samuel H. Sandweiss
260 ## - PUBLICATION, DISTRIBUTION, ETC. (IMPRINT)
Place of publication, distribution, etc Andhra Pradesh
Name of publisher, distributor, etc Sri Sathya Sai Sadhana Trust
Date of publication, distribution, etc 2012
270 ## - ADDRESS
Address Prasanthi Nilayam, Anantapur District
City Andhra Pradesh
Postal code 515134
300 ## - PHYSICAL DESCRIPTION
Extent 447p. :
Dimensions 24cm(pbk)
Other physical details ill.
942 ## - ADDED ENTRY ELEMENTS (KOHA)
Source of classification or shelving scheme Dewey Decimal Classification
Item type English Books
Call number suffix SAN
Classification part 230.35
Holdings
Withdrawn status Lost status Not for loan Collection code Home library Current library Date acquired Source of acquisition Cost, normal purchase price Full call number Barcode Copy number Cost, replacement price Koha item type
    Not For Loan Non-fiction D.B.Act.Division D.B.Act.Division 30/07/2013 DBAD / PUB 110.00 230.35 SAN EN-91719 1 110.00 English Books

© Delhi Public Library
Hit Counter
free hit counter